Catálogo

Vista normal Vista MARC

Entrada Personal Name

Número de registros utilizados en: 1

001 - CONTROL NUMBER

  • control field: 4016

003 - CONTROL NUMBER IDENTIFIER

  • control field: OSt

005 - DATE AND TIME OF LATEST TRANSACTION

  • control field: 20180716122807.0

008 - FIXED-LENGTH DATA ELEMENTS

  • fixed length control field: 170404 a|ac|n|aab||||||||||||a |n|||||||

010 ## - LIBRARY OF CONGRESS CONTROL NUMBER

  • LC control number: 88076547

040 ## - CATALOGING SOURCE

  • Description conventions: rda

100 1# - HEADING--PERSONAL NAME

  • Personal name: Flores, Marco Antonio,
  • Dates associated with a name: 1937-2013

375 ## - GENDER

  • Gender: masculino

377 ## - ASSOCIATED LANGUAGE

  • Language code: spa

400 1# - SEE FROM TRACING--PERSONAL NAME

  • Personal name: Flores, Marco Antonio,
  • Dates associated with a name: 1937-